000 00280nam a22001217a 4500
020 _a9780195667448
082 _a425
_bSWA/BA
100 _aSwan, Michael
_9256
245 _aBasic English Usage
260 _aNew Delhi
_bOxford University Press
_c2012
300 _a288
942 _cBK
999 _c14195
_d14195